MARC details
| 000 -LEADER |
| fixed length control field |
02095nas a22002537a 4500 |
| 005 - DATE AND TIME OF LATEST TRANSACTION |
| control field |
20250603144853.0 |
| 007 - PHYSICAL DESCRIPTION FIXED FIELD--GENERAL INFORMATION |
| fixed length control field |
cr |
| 008 - FIXED-LENGTH DATA ELEMENTS--GENERAL INFORMATION |
| fixed length control field |
230522cr ||||| |||| 00| 0 spa d |
| 022 ## - INTERNATIONAL STANDARD SERIAL NUMBER |
| International Standard Serial Number |
0716-8640 (impresa) |
| 022 ## - INTERNATIONAL STANDARD SERIAL NUMBER |
| International Standard Serial Number |
2531-0186 (en linea) |
| 245 00 - TITLE STATEMENT |
| Title |
Revista Médica : |
| Remainder of title |
Clínica Las Condes / |
| Statement of responsibility, etc |
Clínica Las Condes |
| 260 ## - PUBLICATION, DISTRIBUTION, ETC. (IMPRINT) |
| Place of publication, distribution, etc |
Santiago : |
| Name of publisher, distributor, etc |
Elsevier , |
| Date of publication, distribution, etc |
/2000/ - |
| 300 ## - PHYSICAL DESCRIPTION |
| Extent |
Impresa y digital |
| 362 ## - DATES OF PUBLICATION AND/OR SEQUENTIAL DESIGNATION |
| Dates of publication and/or sequential designation |
Vol. 11, No. 1 (ene 2000) - |
| 500 ## - GENERAL NOTE |
| General note |
Revista Médica de Clínica Las Condes (RMCLC) es el órgano de difusión científica de Clínica Las Condes, hospital privado chileno de alta complejidad. Esta revista, de edición bimestral, publica revisiones bibliográficas de la literatura biomédica, actualizaciones, experiencias clínicas derivadas de la práctica médica, artículos originales y casos clínicos, en todas las especialidades de la salud.<br/>Cada número se estructura en torno a un tema central, el cual es organizado por un editor invitado especialista en ese ámbito de la medicina. Los artículos desarrollan este tema central en detalle, considerando sus diferentes perspectivas y son escritos por autores altamente calificados, provenientes de diferentes instituciones de salud, tanto chilenas como extranjeras. |
| Source of note information (AM SE) [OBSOLETE] |
https://www.elsevier.es/es-revista-revista-medica-clinica-las-condes-202-acerca |
| 500 ## - GENERAL NOTE |
| General note |
La publicación de un artículo tiene un coste (denominado `coste de publicación del artículo' o CPA) que el autor -o alguien que lo represente como por ejemplo su institución o la entidad financiadora del trabajo- debe asumir. |
| Source of note information (AM SE) [OBSOLETE] |
https://www.elsevier.es/es-revista-revista-medica-clinica-las-condes-202-normas-publicacion<br/> |
| 650 27 - SUBJECT ADDED ENTRY--TOPICAL TERM |
| Source of heading or term |
decs |
| 9 (RLIN) |
5771 |
| Topical term or geographic name as entry element |
MEDICINA CLINICA |
| 710 2# - ADDED ENTRY--CORPORATE NAME |
| 9 (RLIN) |
17068 |
| Corporate name or jurisdiction name as entry element |
Clínica Las Condes (Chile) |
| 856 41 - ELECTRONIC LOCATION AND ACCESS |
| Uniform Resource Identifier |
<a href="https://www.elsevier.es/es-revista-revista-medica-clinica-las-condes-202">https://www.elsevier.es/es-revista-revista-medica-clinica-las-condes-202</a> |
| 856 41 - ELECTRONIC LOCATION AND ACCESS |
| Uniform Resource Identifier |
<a href="https://www.sciencedirect.com/science/article/pii/S0716864017301268">https://www.sciencedirect.com/science/article/pii/S0716864017301268</a> |
| Link text |
SEGURIDAD DEL PACIENTE Y CULTURA DE SEGURIDAD |
| 869 ## - Existencias |
| Año |
---- |
| 942 ## - ADDED ENTRY ELEMENTS (KOHA) |
| Source of classification or shelving scheme |
Dewey Decimal Classification |
| Item type |
Revista electrónica |
| 980 ## - EQUIVALENCE OR CROSS-REFERENCE-SERIES STATEMENT--PERSONAL NAME/TITLE [LOCAL, CANADA] |
| Linkage |
19227 |
| Personal name |
Leticia Ana Abalos |
| Field link and sequence number |
19227 |
| Miscellaneous information |
Leticia Ana Abalos |